Ιστορία της βιολογίας σε κόμικς
Αποθηκεύτηκε σε:
| Κύριος συγγραφέας: | |
|---|---|
| Άλλοι συγγραφείς: | , |
| Μορφή: | Βιβλίο |
| Γλώσσα: | Greek Italian |
| Δημοσίευση: |
Αθήνα:
Κάτοπτρο,
1992.
|
| Θέματα: | |
| Ετικέτες: |
Προσθήκη ετικέτας
Δεν υπάρχουν, Καταχωρήστε ετικέτα πρώτοι!
|
MARC
| LEADER | 00000cam a2200000 i 4500 | ||
|---|---|---|---|
| 001 | 1/658 | ||
| 008 | 000410s1992 gr | ||| |||| ||gre|| | ||
| 020 | |a 9607023501 |q (σετ) | ||
| 035 | |l 10059738 | ||
| 040 | |a GR-MyUa |b gre |e AACR2 | ||
| 041 | 1 | |a gre |h ita | |
| 082 | 7 | |a 570.9 |2 (22) | |
| 100 | 1 | |a Ghigliano, Cinzia, |d 1952- | |
| 245 | 1 | 0 | |a Ιστορία της βιολογίας σε κόμικς / |c Cinzia Ghigliano, Luca Novelli ; μετάφραση και επιστημονική επιμέλεια: Σπύρος Μανουσέλης. |
| 260 | |a Αθήνα: |b Κάτοπτρο, |c 1992. | ||
| 300 | |a 2 τ. ; |c 24 εκ. | ||
| 500 | |a Τίτλος πρωτοτύπου: La storia naturale. | ||
| 505 | 8 | |a Τ. 1. Από τον Αριστοτέλη έως τις αρχές του 19ου αιώνα -- τ. 2. Από τις αρχές του 19ου αιώνα έως τα τέλη του 20ου. | |
| 650 | 0 | |a Biology |x History |x Pictorial work. | |
| 700 | 1 | |a Novelli, Luca, |d 1947- | |
| 700 | 1 | |a Μανουσέλης, Σπύρος, |e trl |e edt | |
| 852 | |a INST |b RHODES |e 20000410 |h 570.9 GHI |p 005400013612 |q 005400013612 |t BK |y 0 |z τ.2 | ||
| 852 | |a INST |b RHODES |e 20000410 |h 570.9 GHI |p 005400013613 |q 005400013613 |t BK |y 0 |z τ.1 | ||
| 852 | |a INST |b RHODES |e 20000410 |h 570.9 GHI |p 005400013612 |q 005400013612 |t BK |v τ.2: |y 0 |z τ.2 | ||
| 852 | |a INST |b RHODES |e 20000410 |h 570.9 GHI |p 005400013613 |q 005400013613 |t BK |v τ.1: |y 0 |z τ.1 | ||
| 853 | |a INST |b RHODES |h 570.9 GHI | ||
| 901 | |a BIBL4-2000-1 | ||
| 922 | |a 4ΕΛΗ |b 199801 |c ΚΠΣ/ΔΕ |d EMVASSIS | ||
| 970 | |a Κουλακιότη |b Λίτσα |z 2000/04/10 | ||